LEADER 01043nam0-22003371i-450 001 990007854870403321 005 20220407144407.0 010 $a88-7088-403-1 035 $a000785487 035 $aFED01000785487 035 $a(Aleph)000785487FED01 035 $a000785487 100 $a20040205d2001----km-y0itay50------ba 101 0 $aita$aeng$afre 102 $aIT 105 $ay---a---101yy 200 1 $aAntichi e moderni nella filosofia di età imperiale$eatti del 2. Colloquio internazionale, Roma, 21-23 settembre 2000$fa cura di Aldo Brancacci 210 $aNapoli$cBibliopolis$d2001 215 $a390 p.$d23 cm 225 $aElenchos$v34 225 1 $a<>filosofia in età imperiale$v2 610 0 $aFilosofia antica 676 $a180$v21$zita 702 1$aBrancacci,$bAldo 801 0$aIT$bUNINA$gRICA$2UNIMARC 901 $aBK 912 $a990007854870403321 952 $a180 ELEN 034$bBibl. 48455$fFLFBC 959 $aFLFBC 996 $aAntichi e moderni nella filosofia di età imperiale$9670977 997 $aUNINA LEADER 01426nam 2200349Ia 450 001 996394402303316 005 20221108075309.0 035 $a(CKB)3810000000007863 035 $a(EEBO)2248554485 035 $a(OCoLC)19647399 035 $a(EXLCZ)993810000000007863 100 $a19890503d1675 uy | 101 0 $aeng 135 $aurbn||||a|bb| 200 12$aA paraphrase and annotations upon the epistles of St. Paul written to the Romans, Corinthians, and Hebrews$b[electronic resource] 210 $a[Oxford] $cAt the Theater in Oxford$dM.DC.LXXV [1675] 215 $a[14], 167, [1], 55, [2], 171-348 p 300 $aIllustrated t.p. 300 $aEach part has special t.p., and "Epistle of S. Paul to the Hebrewes paraphras'd" has separate pagination. 300 $a"Written by Obadiah Walker under the general editorship of Bishop Fell"--NUC pre-1956 imprints. 300 $aError in paging: p. 159 misnumbered 150. 300 $aReproduction of original in the University of Illinois (Urbana-Champaign Campus). Library. 330 $aeebo-0167 700 $aWalker$b Obadiah$f1616-1699.$01001863 701 $aFell$b John$f1625-1686.$01001113 801 0$bEAG 801 1$bEAG 801 2$bWaOLN 906 $aBOOK 912 $a996394402303316 996 $aA paraphrase and annotations upon the epistles of St. Paul written to the Romans, Corinthians, and Hebrews$92318563 997 $aUNISA